Radar systems (Record no. 137052)

000 -LEADER
fixed length control field 00335nam a2200121Ia 4500
008 - FIXED-LENGTH DATA ELEMENTS--GENERAL INFORMATION
fixed length control field 220120s9999||||xx |||||||||||||| ||und||
082 ## - DEWEY DECIMAL CLASSIFICATION NUMBER
Classification number 621.384 8 SKO
100 ## - MAIN ENTRY--PERSONAL NAME
Personal name Skolnik, Merrill, L
245 #0 - TITLE STATEMENT
Title Radar systems
260 ## - PUBLICATION, DISTRIBUTION, ETC.
Place of publication, distribution, etc. Tata mcgraw hill company Ltd
Name of publisher, distributor, etc. IBM learning services
Date of publication, distribution, etc. 2003
300 ## - PHYSICAL DESCRIPTION
Other physical details 0
650 ## - SUBJECT ADDED ENTRY--TOPICAL TERM
Topical term or geographic name entry element PROGRAMMING LANGUAGE
Holdings
Withdrawn status Lost status Damaged status Not for loan Collection code Home library Current library Date acquired Barcode Date last seen Price effective from Koha item type
        Electronics and Communication Engineering Central Library Central Library 01/20/2022 GF911 01/20/2022 01/20/2022 Gift Books

Powered by Koha